Clasificados para el Balón de Oro en el Siglo XXI - Estadísticas

Estadísticas generales
  • Esta prueba ha sido intentada 1.660 veces
  • La puntuación promedio es 48 de 60
Estadísticas de respuestas
Año Ganador % Correcto
2009 Messi
100%
2010 Messi
100%
2011 Messi
100%
2012 Messi
100%
2015 Messi
100%
2019 Messi
100%
2008 Messi
100%
2013 Messi
100%
2014 Messi
100%
2016 Messi
100%
2017 Messi
100%
2007 Messi
100%
2008 Cristiano Ronaldo
98%
2013 Cristiano Ronaldo
98%
2014 Cristiano Ronaldo
98%
2016 Cristiano Ronaldo
98%
2017 Cristiano Ronaldo
98%
2007 Cristiano Ronaldo
98%
2009 Cristiano Ronaldo
98%
2011 Cristiano Ronaldo
98%
2012 Cristiano Ronaldo
98%
2015 Cristiano Ronaldo
98%
2018 Cristiano Ronaldo
98%
2019 Cristiano Ronaldo
98%
2018 Modric
96%
2002 Ronaldo
96%
2010 Iniesta
93%
2012 Iniesta
93%
2005 Ronaldinho
91%
2004 Ronaldinho
91%
2009 Xavi
91%
2010 Xavi
91%
2011 Xavi
91%
2007 Kaká
87%
2015 Neymar
86%
2017 Neymar
86%
2006 Cannavaro
82%
2000 Zidane
76%
2001 Owen
71%
2013 Ribery
70%
2019 Van Dijk
70%
2000 Figo
68%
2016 Griezmann
67%
2018 Griezmann
67%
2003 Nedved
61%
2014 Neuer
61%
2004 Shevchenko
61%
2000 Shevchenko
61%
2006 Buffon
53%
2001 Raúl
53%
2003 Henry
52%
2006 Henry
52%
2008 Fernando Torres
45%
2003 Maldini
37%
2002 Roberto Carlos
36%
2005 Gerrard
34%
2005 Lampard
32%
2001 Oliver Kahn
28%
2002 Oliver Kahn
28%
2004 Deco
26%
No se encontraron pruebas coincidentes
Distribución de puntuación
Porcentaje de gente con cada puntuación
Porcentaje por número respondido
Historial de tus puntuaciones
No has intentado esta prueba.